Magic english / (Registro nro. 6857)
[ vista simple ]
| 000 -LEADER | |
|---|---|
| fixed length control field | 00958nam a22002417a 4500 |
| 003 - CONTROL NUMBER IDENTIFIER | |
| control field | OSt |
| 005 - DATE AND TIME OF LATEST TRANSACTION | |
| control field | 20200917140058.0 |
| 008 - FIXED-LENGTH DATA ELEMENTS--GENERAL INFORMATION | |
| fixed length control field | 200917s1996 ck a|||br|||| 00| 0 spa d |
| 020 ## - INTERNATIONAL STANDARD BOOK NUMBER | |
| International Standard Book Number | 9584206214 |
| 040 ## - CATALOGING SOURCE | |
| Original cataloging agency | CO-JMCR |
| Transcribing agency | CO-JMCR |
| 041 1# - LANGUAGE CODE | |
| Language code of text/sound track or separate title | spa |
| Language code of original | eng |
| 082 04 - DEWEY DECIMAL CLASSIFICATION NUMBER | |
| Classification number | 423 / |
| Item number | D612m |
| Edition number | 23 |
| 110 1# - MAIN ENTRY--CORPORATE NAME | |
| Corporate name or jurisdiction name as entry element | Disney Enterprises, Inc. |
| 9 (RLIN) | 10375 |
| 245 1# - TITLE STATEMENT | |
| Title | Magic english / |
| Statement of responsibility, etc. | Disney Enterprise |
| 260 ## - PUBLICATION, DISTRIBUTION, ETC. | |
| Place of publication, distribution, etc. | Bogotá : |
| Name of publisher, distributor, etc. | Planeta, |
| Date of publication, distribution, etc. | 1996. |
| 300 ## - PHYSICAL DESCRIPTION | |
| Extent | 158 páginas : |
| Other physical details | ilustraciones a color ; |
| Dimensions | 29 cm. |
| 505 0# - FORMATTED CONTENTS NOTE | |
| Formatted contents note | Changing seasons = Estaciones del año -- Fairyland = Mundo mágico -- The city = La ciudad -- Wild west = Oeste salvaje -- Everyday life = Vida cotidiana -- Big and small = Pequeño y grande -- Faraway places = Sitios lejanos -- Villains = Los malos |
| 546 ## - LANGUAGE NOTE | |
| Language note | Texto en Español e ingles. |
| 650 24 - SUBJECT ADDED ENTRY--TOPICAL TERM | |
| Topical term or geographic name entry element | Inglés |
| 9 (RLIN) | 10378 |
| 650 24 - SUBJECT ADDED ENTRY--TOPICAL TERM | |
| Topical term or geographic name entry element | Aprendizaje de inglés para niños |
| 9 (RLIN) | 10366 |
| 650 24 - SUBJECT ADDED ENTRY--TOPICAL TERM | |
| Topical term or geographic name entry element | Curso de ingles para niños |
| 9 (RLIN) | 10377 |
| 942 ## - ADDED ENTRY ELEMENTS (KOHA) | |
| Source of classification or shelving scheme | Dewey Decimal Classification |
| Koha item type | Books |
| Withdrawn status | Lost status | Source of classification or shelving scheme | Damaged status | Not for loan | Home library | Current library | Shelving location | Date acquired | Source of acquisition | Total Checkouts | Full call number | Barcode | Date last seen | Date last checked out | Copy number | Price effective from | Koha item type |
|---|---|---|---|---|---|---|---|---|---|---|---|---|---|---|---|---|---|
| Dewey Decimal Classification | Biblioteca Pública José María del Castillo y Rada | Biblioteca Pública José María del Castillo y Rada | Children's Area | 04/15/2018 | Donación | 4 | 423 / D612m | 201809497 | 07/18/2024 | 07/18/2024 | V.4 / Ej.1 | 04/15/2018 | Books |